000 00457nam a22001817a 4500
005 20250328151336.0
008 250328b |||||||| |||| 00| 0 eng d
020 _a9780749434892
050 _aHD 30.28 BAR
100 _aBARROW COLIN
245 _aTHE BUSINESS ENT. HANDBOOK
260 _aLONDON
_bKOGAN PAGE
_c2001
300 _aX,358p.,GRAPHS,TABLES,ILLUS.
500 _aINDEX
700 _aBROWN ROBERT
710 _aCLARKE LIZ
942 _2lcc
_cBK
_n0
999 _c5309
_d5309